000 00390nam a2200133Ia 4500
008 191206s9999 xx 000 0 und d
020 _a0869751956 (pbk.)
090 _aPR9365.35B55
245 0 _a"Return of the amasi bird: Black South African poetry, 1891-1981"
260 _aRavan Press
260 _cc1982
300 _a411 p. ; 18 cm.
999 _c16807
_d16807